| 000 | 00455 a2200133 4500 | ||
|---|---|---|---|
| 003 | Nust | ||
| 005 | 20170207164406.0 | ||
| 040 | _cNust | ||
| 082 | _a799 | ||
| 245 |
_aLec By Col Kashif Naveed Abbasi,DD MI on Threat under PAO Envirnments,Photographs-2014 _cMCS |
||
| 260 |
_aRawalpindi _bMCS _c20-02-2014 |
||
| 650 | _aPictures of Lec By Col Kashif Naveed Abbasi,(DD MI) on Threat under PAO Envirnments,Photographs-2014,(CD No. 24 Vol.I) | ||
| 651 | _aSweet Memories-MCS | ||
| 942 | _cBK | ||
| 999 |
_c208836 _d208836 |
||